000 01240nam a2200229Ia 4500
001 L230-5722
003 IT-CnALBA
008 170116s9999||||xx |||||||||||||| ||und||
040 _aIT-CnALBA
_cIT-CnALBA
041 _aITALIANO
100 _aBERTETTI D. GIACOMO, SACERDOTE SALESIANO
245 0 _aI TESORI DI S. TOMMASO D'AQUINO.
250 _a1a ed.
260 _a TO BO CT PA
_bSOCIETÀ ED. INTER.
_c1934 [1° Ed.:1934 - Ed.Ling.Originale: 1934]
300 _a724 p. (prefazione: 15)
500 _aRACCOLTA DI BRANI ESTRATTI DALLE OPERE DI S. TOMMASO. VITA DI S. TOMMASO. VOCABOLI IN ORDINE ALFABETICO. ABITI MORALI. ABUSO DELLA GRAZIA. AMORE ANGELI ANIMA. BATTESIMO. BONTÀ DI DIO. CHIESA COMUNIONE DIO DIVINITÀ DI GESÙ. DONNA. ERESIA EUCARESTIA ESTASI.
501 _aSocietà San Paolo EM - Piazza San Paolo, 14 - 12051 ALBA (CN) (non commercial uses only) ® Copyright 2017
520 _aRACCOLTA DI BRANI ESTRATTI DALLE OPERE DI S. TOMMASO. VITA DI S. TOMMASO. VOCABOLI IN ORDINE ALFABETICO. ABITI MORALI. ABUSO DELLA GRAZIA. AMORE ANGELI ANIMA. BATTESIMO. BONTÀ DI DIO. CHIESA COMUNIONE DIO DIVINITÀ DI GESÙ. DONNA. ERESIA EUCARESTIA ESTASI.
650 _aDOGMATICA CRISTIANA
942 _cBK
957 _71
999 _a6701
_bSI
_g Copie: 1
_c264907
_d264907